Polscy youtuberzy - ZDJĘCIA - Statystyki

Ogólne statystyki
  • Ten quiz został rozwiązany 5 716 razy
  • Średni wynik to 9 z 16
Statystyki odpowiedzi
Obrazkowy Odpowiedź % Poprawnych
Karol Gązwa (Blowek)
98%
Michał Rychlik (MULTI)
93%
Tomasz Działowy (Gimper)
92%
Sylwester Wardęga (SA Wardega)
80%
Dominik Makowski (Cyber Marian)
75%
Cezary Pazura
70%
Jakub Chuptyś (GargamelVlog)
69%
Ignacy Łukowski (Kolega Ignacy)
62%
Adam Wiejak (Poszukiwacz)
50%
Krzysztof Gonciarz
47%
Robert Burneika
41%
Rafał Gębura (7 metrów pod ziemią)
35%
Tomasz Kammel
34%
Radosław Kotarski (Polimaty)
27%
Mariusz Max Kolonko
18%
Paulina Mikuła (Mówiąc Inaczej)
14%
Nie znaleziono quizów pasujących do podanych kryteriów
Rozkład punktacji
Procent ludzi z każdym wynikiem
Percentyl według liczby udzielonych odpowiedzi
Twoja historia wyników
Nie rozwiązałeś tego quizu